[Event "XtraCon-Skakligaen"]
[Site "Denmark"]
[Date "2008.11.01"]
[Round "1.1"]
[White "Antonsen, Mikkel"]
[Black "Nielsen, Peter Heine"]
[Result "0-1"]
[WhiteElo "2442"]
[BlackElo "2662"]
[PlyCount "72"]
[EventDate "2008.11.01"]
[EventType "team-tourn"]
[EventRounds "9"]
[EventCountry "DEN"]
[WhiteTeam "Nastved"]
[BlackTeam "Helsinge"]
[WhiteTeamCountry "DEN"]
[BlackTeamCountry "DEN"]

1. d4 Nf6 2. c4 e6 3. Nc3 Bb4 4. Qc2 O-O 5. Nf3 d5 6. cxd5 exd5 7. Bg5 c5 8. a3
Bxc3+ 9. Qxc3 cxd4 10. Qxd4 Nc6 11. Qh4 Re8 12. Bxf6 gxf6 13. Rd1 Qa5+ 14. Nd2
d4 15. f4 Bf5 16. g4 Bc2 17. Rc1 d3 18. Qxf6 h6 19. g5 Re6 20. Qc3 Qd5 21. gxh6
Nd4 22. Rg1+ Kh8 23. Rg5 Qd6 24. e4 Rd8 25. e5 Qd7 26. h7 Rc6 27. Qb4 Rg6 28.
Rxg6 fxg6 29. Qd6 Qxd6 30. exd6 Rxd6 31. Kf2 a5 32. Bg2 Nb3 33. Rxc2 dxc2 34.
Nxb3 a4 35. Nc1 Rd1 36. Ne2 Rd2 0-1

[Event "XtraCon-Skakligaen"]
[Site "Denmark"]
[Date "2008.11.01"]
[Round "1.2"]
[White "Berg, Emanuel"]
[Black "Olsen, Nils Linde"]
[Result "1-0"]
[WhiteElo "2623"]
[BlackElo "2256"]
[PlyCount "45"]
[EventDate "2008.11.01"]
[EventType "team-tourn"]
[EventRounds "9"]
[EventCountry "DEN"]
[WhiteTeam "Helsinge"]
[BlackTeam "Nastved"]
[WhiteTeamCountry "DEN"]
[BlackTeamCountry "DEN"]

1. e4 c5 2. Nf3 Nc6 3. d4 cxd4 4. Nxd4 d6 5. Nc3 Nf6 6. Bg5 e6 7. Qd2 Be7 8.
O-O-O O-O 9. f4 Nxd4 10. Qxd4 Qa5 11. Bc4 h6 12. Bh4 e5 13. fxe5 dxe5 14. Qd3
b5 15. Bb3 Bb7 16. Bxf6 Bxf6 17. Nd5 Bxd5 18. exd5 Rad8 19. d6 Rd7 20. Rhf1
Rfd8 21. Rxf6 gxf6 22. Qg6+ Kf8 23. Qh7 1-0

[Event "XtraCon-Skakligaen"]
[Site "Denmark"]
[Date "2008.11.01"]
[Round "1.3"]
[White "Flindt, Thomas"]
[Black "Cmilyte, Viktorija"]
[Result "0-1"]
[WhiteElo "2179"]
[BlackElo "2512"]
[PlyCount "84"]
[EventDate "2008.11.01"]
[EventType "team-tourn"]
[EventRounds "9"]
[EventCountry "DEN"]
[WhiteTeam "Nastved"]
[BlackTeam "Helsinge"]
[WhiteTeamCountry "DEN"]
[BlackTeamCountry "DEN"]

1. e4 c5 2. Nf3 Nc6 3. Nc3 Nf6 4. d3 d5 5. Be2 d4 6. Nb1 e5 7. O-O Bd6 8. h3 h6
9. Nh2 Be6 10. Nd2 Qc7 11. a3 Ne7 12. b3 g5 13. Nc4 Ng6 14. Bg4 Nxg4 15. Nxg4
Be7 16. f3 h5 17. Nf2 b5 18. Nb2 a6 19. a4 Qc6 20. Bd2 f6 21. g3 Kf7 22. Qe2
Qd7 23. Kg2 Rhg8 24. Kh2 Qc7 25. Nh1 h4 26. g4 Rgc8 27. Ra2 c4 28. dxc4 bxc4
29. Nxc4 Bxc4 30. Qxc4+ Qxc4 31. bxc4 Rab8 32. Nf2 Bb4 33. Bc1 Rxc4 34. Nd3 Bc3
35. Rf2 Rb1 36. Bd2 Ke6 37. Kg2 Bxd2 38. Rxd2 Kd6 39. Ra3 a5 40. Rb3 Rxc2 41.
Rxc2 Rxb3 42. Nb2 Nf4+ 0-1

[Event "XtraCon-Skakligaen"]
[Site "Denmark"]
[Date "2008.11.01"]
[Round "1.4"]
[White "Glud, Jakob Vang"]
[Black "Schyberg, Brian"]
[Result "1-0"]
[WhiteElo "2444"]
[BlackElo "2135"]
[PlyCount "77"]
[EventDate "2008.11.01"]
[EventType "team-tourn"]
[EventRounds "9"]
[EventCountry "DEN"]
[WhiteTeam "Helsinge"]
[BlackTeam "Nastved"]
[WhiteTeamCountry "DEN"]
[BlackTeamCountry "DEN"]

1. d4 Nf6 2. c4 c5 3. Nf3 cxd4 4. Nxd4 e5 5. Nb5 d5 6. cxd5 Bc5 7. e3 O-O 8.
N5c3 a6 9. Be2 e4 10. a3 Bf5 11. Nd2 Qe7 12. b4 Ba7 13. Bb2 Nbd7 14. g4 Bg6 15.
h4 h6 16. d6 Qxd6 17. g5 hxg5 18. hxg5 Nh7 19. Ndxe4 Qe7 20. Qd6 Rfe8 21. Qxe7
Rxe7 22. Nd6 Nb6 23. Rg1 Rd8 24. Rd1 Bb8 25. Nc4 Rxd1+ 26. Kxd1 Nxc4 27. Bxc4
Re5 28. Bd5 b6 29. Bb7 Bh5+ 30. Kd2 Nxg5 31. f4 Nh3 32. Rh1 Nxf4 33. exf4 Rf5
34. Nd5 Kf8 35. Ke3 Bd6 36. Ke4 g6 37. Rc1 Ke8 38. Rc8+ Kd7 39. Nf6+ 1-0

[Event "XtraCon-Skakligaen"]
[Site "Denmark"]
[Date "2008.11.01"]
[Round "1.5"]
[White "Hansen, Martin"]
[Black "Hutters, Tomas"]
[Result "1/2-1/2"]
[WhiteElo "2125"]
[BlackElo "2413"]
[PlyCount "79"]
[EventDate "2008.11.01"]
[EventType "team-tourn"]
[EventRounds "9"]
[EventCountry "DEN"]
[WhiteTeam "Nastved"]
[BlackTeam "Helsinge"]
[WhiteTeamCountry "DEN"]
[BlackTeamCountry "DEN"]

1. e4 c5 2. c3 Nf6 3. e5 Nd5 4. Nf3 Nc6 5. Bc4 Nb6 6. Bb3 c4 7. Bc2 Qc7 8. Qe2
g5 9. e6 dxe6 10. Nxg5 Qe5 11. d4 cxd3 12. Bxd3 Qxe2+ 13. Bxe2 Bg7 14. O-O O-O
15. Nd2 Nd5 16. Nde4 b6 17. Ng3 h6 18. Nf3 Rd8 19. Nh5 Bf8 20. Rd1 Bb7 21. Bd2
Nf6 22. Nxf6+ exf6 23. c4 Kg7 24. Bc3 Bb4 25. Bxb4 Nxb4 26. a3 Nc6 27. Rac1 Ne5
28. Nxe5 fxe5 29. b4 e4 30. c5 bxc5 31. bxc5 Kf6 32. Rxd8 Rxd8 33. c6 Rc8 34.
Bb5 Ke7 35. Rc4 Ba8 36. Rxe4 Bxc6 37. Bxc6 Rxc6 38. g3 Rc5 39. Rd4 Ra5 40. a4
1/2-1/2

[Event "XtraCon-Skakligaen"]
[Site "Denmark"]
[Date "2008.11.01"]
[Round "1.6"]
[White "Bekker Jensen, Simon"]
[Black "Vovk, Oksana"]
[Result "1-0"]
[WhiteElo "2410"]
[BlackElo "2142"]
[PlyCount "79"]
[EventDate "2008.11.01"]
[EventType "team-tourn"]
[EventRounds "9"]
[EventCountry "DEN"]
[WhiteTeam "Helsinge"]
[BlackTeam "Nastved"]
[WhiteTeamCountry "DEN"]
[BlackTeamCountry "DEN"]

1. d4 Nf6 2. c4 e6 3. Nc3 Bb4 4. e3 O-O 5. Nge2 d5 6. a3 Be7 7. cxd5 exd5 8. b4
c6 9. Ng3 a5 10. Rb1 axb4 11. axb4 b5 12. Bd3 Na6 13. Na2 Nc7 14. Qc2 Nce8 15.
f3 Qb6 16. Nc3 Bd7 17. Nge2 h6 18. e4 dxe4 19. fxe4 Nc7 20. Bd2 Ne6 21. Be3 Ra6
22. h3 Nh5 23. O-O Bg5 24. Bf2 Nef4 25. h4 Be7 26. Qd2 Nxd3 27. Qxd3 Nf6 28. d5
Qc7 29. Nd4 Ng4 30. Bg3 Bd6 31. Bxd6 Qxd6 32. Nf3 f5 33. Qd4 fxe4 34. Nxe4 Qxd5
35. Qxd5+ cxd5 36. Nc5 Rd6 37. Nd4 Rb8 38. Rfe1 Kf7 39. Ra1 Nf6 40. Ra7 1-0

[Event "XtraCon-Skakligaen"]
[Site "Denmark"]
[Date "2008.11.01"]
[Round "1.7"]
[White "Pedersen, Dimon Paul"]
[Black "Fries Nielsen, Niels Jorgen"]
[Result "1/2-1/2"]
[WhiteElo "2095"]
[BlackElo "2393"]
[PlyCount "38"]
[EventDate "2008.11.01"]
[EventType "team-tourn"]
[EventRounds "9"]
[EventCountry "DEN"]
[WhiteTeam "Nastved"]
[BlackTeam "Helsinge"]
[WhiteTeamCountry "DEN"]
[BlackTeamCountry "DEN"]

1. c4 d6 2. g3 Nf6 3. Bg2 g6 4. Nc3 Bg7 5. d3 O-O 6. Bg5 h6 7. Bd2 c6 8. e4 Na6
9. Nge2 Rb8 10. O-O Bd7 11. a3 Qc8 12. b4 Nc7 13. Rc1 e5 14. f3 b6 15. Be3 c5
16. b5 a6 17. a4 a5 18. Qd2 Kh7 19. Nd5 Ncxd5 1/2-1/2

[Event "XtraCon-Skakligaen"]
[Site "Denmark"]
[Date "2008.11.01"]
[Round "1.8"]
[White "Bekker Jensen, David"]
[Black "Norgaard, Kim"]
[Result "1-0"]
[WhiteElo "2310"]
[BlackElo "2115"]
[PlyCount "53"]
[EventDate "2008.11.01"]
[EventType "team-tourn"]
[EventRounds "9"]
[EventCountry "DEN"]
[WhiteTeam "Helsinge"]
[BlackTeam "Nastved"]
[WhiteTeamCountry "DEN"]
[BlackTeamCountry "DEN"]

1. d4 d5 2. c4 e6 3. Nc3 c5 4. cxd5 cxd4 5. Qa4+ Bd7 6. Qxd4 exd5 7. Qxd5 Nc6
8. e3 Nf6 9. Qd1 Bc5 10. Nf3 Qe7 11. Be2 O-O-O 12. O-O g5 13. b4 g4 14. bxc5
gxf3 15. Bxf3 Ne5 16. Be2 Bc6 17. Qb3 Rhg8 18. e4 Nxe4 19. Nxe4 Bxe4 20. f3 Bd3
21. Bxd3 Rxd3 22. Qc2 Nxf3+ 23. Kh1 Ne1 24. Qf2 Rxg2 25. Qf5+ Kd8 26. Bf4 Nf3
27. Qxd3+ 1-0

[Event "XtraCon-Skakligaen"]
[Site "Denmark"]
[Date "2008.11.01"]
[Round "1.2"]
[White "Pedersen, Christian Kyndel"]
[Black "Brynell, Stellan"]
[Result "1-0"]
[WhiteElo "2426"]
[BlackElo "2447"]
[PlyCount "71"]
[EventDate "2008.11.01"]
[EventType "team-tourn"]
[EventRounds "9"]
[EventCountry "DEN"]
[WhiteTeam "Jetsmark"]
[BlackTeam "Nordkalotten"]
[WhiteTeamCountry "DEN"]
[BlackTeamCountry "DEN"]

1. e4 e6 2. d4 d5 3. Nc3 Nf6 4. e5 Nfd7 5. f4 c5 6. Nf3 Nc6 7. Be3 cxd4 8. Nxd4
Bc5 9. Qd2 O-O 10. O-O-O a6 11. Nb3 Bb4 12. Bd3 b5 13. g4 Nb6 14. Qf2 Rb8 15.
Ne2 Nc4 16. g5 Nxe3 17. Qxe3 Ne7 18. c3 Ba5 19. Ng3 b4 20. Nh5 Ng6 21. cxb4
Rxb4 22. Rhf1 Bd7 23. Qh3 Qb6 24. Rf3 Rc8+ 25. Kb1 Bb5 26. Nf6+ gxf6 27. gxf6
Bxd3+ 28. Rfxd3 Rxb3 29. axb3 Bb4 30. Rxd5 Qc7 31. Rd7 Qc2+ 32. Ka2 Bf8 33.
Rxf7 Nxf4 34. Rxf8+ Kxf8 35. Qh6+ Ke8 36. Qg7 1-0

[Event "XtraCon-Skakligaen"]
[Site "Denmark"]
[Date "2008.11.01"]
[Round "1.3"]
[White "Jakobsen, Peter"]
[Black "Christensen, Stefan"]
[Result "0-1"]
[WhiteElo "2219"]
[BlackElo "2319"]
[PlyCount "90"]
[EventDate "2008.11.01"]
[EventType "team-tourn"]
[EventRounds "9"]
[EventCountry "DEN"]
[WhiteTeam "Nordkalotten"]
[BlackTeam "Jetsmark"]
[WhiteTeamCountry "DEN"]
[BlackTeamCountry "DEN"]

1. d4 Nf6 2. c4 g6 3. Nc3 d5 4. cxd5 Nxd5 5. e4 Nxc3 6. bxc3 Bg7 7. Bc4 c5 8.
Ne2 Nc6 9. Be3 O-O 10. O-O cxd4 11. cxd4 Na5 12. Bd3 b6 13. Rc1 e6 14. e5 Bb7
15. Nf4 Qd7 16. Qg4 Nc6 17. Rfd1 Nb4 18. Bb1 Nd5 19. h4 Rac8 20. Nxd5 Bxd5 21.
h5 Rxc1 22. Rxc1 Rc8 23. Qd1 Rxc1 24. Qxc1 Qc6 25. Qxc6 Bxc6 26. hxg6 hxg6 27.
f3 Bd5 28. Kf2 Kf8 29. Ke2 Ke7 30. a3 Kd7 31. Be4 Kc6 32. Bxd5+ Kxd5 33. Kd3
Bf8 34. Bc1 b5 35. Bb2 a5 36. Bc1 Be7 37. f4 a4 38. Bb2 b4 39. axb4 Bxb4 40. g4
Be7 41. Bc3 Ba3 42. Kc2 Ke4 43. Bd2 Kxd4 44. Bc3+ Ke4 45. Bd2 Bc5 0-1

[Event "XtraCon-Skakligaen"]
[Site "Denmark"]
[Date "2008.11.01"]
[Round "1.4"]
[White "Helledie, Anders"]
[Black "Nielsen, Lars Aaes"]
[Result "1-0"]
[WhiteElo "2215"]
[BlackElo "2178"]
[PlyCount "109"]
[EventDate "2008.11.01"]
[EventType "team-tourn"]
[EventRounds "9"]
[EventCountry "DEN"]
[WhiteTeam "Jetsmark"]
[BlackTeam "Nordkalotten"]
[WhiteTeamCountry "DEN"]
[BlackTeamCountry "DEN"]

1. e4 e6 2. d4 d5 3. Nc3 Bb4 4. e5 c5 5. a3 Bxc3+ 6. bxc3 Ne7 7. Qg4 Qc7 8.
Qxg7 Rg8 9. Qxh7 cxd4 10. Ne2 dxc3 11. f4 b6 12. Ng3 Qc5 13. Nh5 Rf8 14. Nf6+
Kd8 15. Rb1 Nf5 16. Rb5 Qc6 17. g4 Ba6 18. a4 Ne7 19. Ba3 Nd7 20. Qg7 d4 21.
Rg1 Qf3 22. Bc1 Nxf6 23. Bg2 Qxg4 24. exf6 Ng6 25. Kf2 Qh4+ 26. Kf1 Rc8 27. Be4
Bxb5+ 28. axb5 Qh3+ 29. Rg2 Kc7 30. Ba3 Qe3 31. Bxg6 Qf3+ 32. Kg1 Qd1+ 33. Kf2
Qd2+ 34. Kg3 Qe1+ 35. Kf3 Qd1+ 36. Kg3 Qe1+ 37. Kh3 Rh8+ 38. Bh7 Qe3+ 39. Kg4
Rcd8 40. Be7 Rde8 41. Qxf7 Reg8+ 42. Qxg8 Rxg8+ 43. Bxg8 Qe4 44. f7 Qxg2+ 45.
Kh5 Qxh2+ 46. Kg6 Qxc2+ 47. Kg7 Qg2+ 48. Kh8 d3 49. f8=Q Qd5 50. Bf6 d2 51.
Qe7+ Kb8 52. Bxe6 Qh5+ 53. Kg7 d1=Q 54. Qf8+ Kc7 55. Qc8+ 1-0

[Event "XtraCon-Skakligaen"]
[Site "Denmark"]
[Date "2008.11.01"]
[Round "1.5"]
[White "Kristensen, Kaare Hove"]
[Black "Wiwe, Andreas"]
[Result "1/2-1/2"]
[WhiteElo "2215"]
[BlackElo "2185"]
[PlyCount "119"]
[EventDate "2008.11.01"]
[EventType "team-tourn"]
[EventRounds "9"]
[EventCountry "DEN"]
[WhiteTeam "Nordkalotten"]
[BlackTeam "Jetsmark"]
[WhiteTeamCountry "DEN"]
[BlackTeamCountry "DEN"]

1. Nf3 d6 2. Nc3 c5 3. d4 cxd4 4. Nxd4 e6 5. g3 Nf6 6. Bg5 a6 7. Bg2 Be7 8. O-O
O-O 9. Qd2 Nbd7 10. a4 h6 11. Bxf6 Nxf6 12. a5 Qc7 13. Na4 Rb8 14. Rfc1 e5 15.
Nb3 d5 16. Nb6 d4 17. c3 dxc3 18. Rxc3 Qd8 19. Nxc8 Rxc8 20. Rxc8 Qxc8 21. Rc1
Qb8 22. Nc5 Rd8 23. Qc2 Rc8 24. b4 b6 25. axb6 Qxb6 26. Qa4 a5 27. Nd3 Rxc1+
28. Nxc1 axb4 29. Qc6 Qd4 30. Qc2 Ng4 31. e3 Nxe3 32. fxe3 Qxe3+ 33. Kf1 Bc5
34. Be4 g6 35. Nb3 Qg1+ 36. Ke2 Qxh2+ 37. Kf3 Qh5+ 38. Kg2 Be7 39. Bd5 Kg7 40.
Qf2 Qf5 41. Qe2 h5 42. Nd2 h4 43. Nf3 hxg3 44. Qxe5+ Qxe5 45. Nxe5 f5 46. Nc4
b3 47. Kxg3 Bf6 48. Ne3 b2 49. Ba2 Bd4 50. Nd5 Be5+ 51. Kf3 Kh6 52. Bb1 Kg7 53.
Ba2 Kf8 54. Bb1 Kf7 55. Ba2 Ke8 56. Bb1 Kd7 57. Ne3 Ke6 58. Ba2+ Kf6 59. Nd5+
Kg5 60. Bb1 1/2-1/2

[Event "XtraCon-Skakligaen"]
[Site "Denmark"]
[Date "2008.11.01"]
[Round "1.6"]
[White "Rathlev, Jakob"]
[Black "Hove, Esben Kjems"]
[Result "1/2-1/2"]
[WhiteElo "2172"]
[BlackElo "2285"]
[PlyCount "68"]
[EventDate "2008.11.01"]
[EventType "team-tourn"]
[EventRounds "9"]
[EventCountry "DEN"]
[WhiteTeam "Jetsmark"]
[BlackTeam "Nordkalotten"]
[WhiteTeamCountry "DEN"]
[BlackTeamCountry "DEN"]

1. c4 Nf6 2. g3 c6 3. Bg2 d5 4. Nf3 e6 5. O-O Be7 6. b3 O-O 7. Bb2 Nbd7 8. d3
a5 9. Nc3 Nc5 10. Qc2 Na6 11. Rad1 d4 12. Ne4 c5 13. e3 Nb4 14. Qb1 Nc6 15.
exd4 cxd4 16. Nxf6+ Bxf6 17. a3 Qb6 18. Qc2 Be7 19. Rb1 e5 20. Rfe1 f6 21. Nd2
Bf5 22. Ne4 Bg6 23. Bc1 f5 24. Ng5 Bxg5 25. Bxg5 Rae8 26. b4 axb4 27. axb4 h6
28. Bc1 e4 29. Bf4 exd3 30. Qxd3 Rxe1+ 31. Rxe1 Qxb4 32. Rb1 Qe7 33. Bxc6 bxc6
34. Qxd4 Rd8 1/2-1/2

[Event "XtraCon-Skakligaen"]
[Site "Denmark"]
[Date "2008.11.01"]
[Round "1.7"]
[White "Koch, Soren Andreas"]
[Black "Rasmussen, Henning Lau"]
[Result "1-0"]
[WhiteElo "2178"]
[BlackElo "2104"]
[PlyCount "85"]
[EventDate "2008.11.01"]
[EventType "team-tourn"]
[EventRounds "9"]
[EventCountry "DEN"]
[WhiteTeam "Nordkalotten"]
[BlackTeam "Jetsmark"]
[WhiteTeamCountry "DEN"]
[BlackTeamCountry "DEN"]

1. Nf3 d5 2. d4 Nf6 3. c4 c6 4. e3 a6 5. b3 Bg4 6. Be2 e6 7. O-O Bxf3 8. Bxf3
Nbd7 9. Bb2 Bd6 10. Nc3 Qe7 11. Re1 O-O 12. e4 dxe4 13. Nxe4 Ba3 14. Qd2 Bxb2
15. Qxb2 Nxe4 16. Rxe4 Nf6 17. Re5 Rfd8 18. Rd1 Rd6 19. b4 Rad8 20. b5 Qd7 21.
bxc6 bxc6 22. Ra5 h6 23. Rxa6 e5 24. d5 e4 25. Be2 cxd5 26. Rxd6 Qxd6 27. cxd5
Qc5 28. Qb5 Qa7 29. Qb3 Qc5 30. d6 g6 31. Bc4 Rd7 32. h3 Kg7 33. a4 g5 34. Qb5
Qa7 35. a5 e3 36. Qb6 exf2+ 37. Kxf2 Qa8 38. Bb5 Rd8 39. Bc6 Qc8 40. Kg1 Rf8
41. d7 Nxd7 42. Rxd7 Qe8 43. Rd1 1-0

[Event "XtraCon-Skakligaen"]
[Site "Denmark"]
[Date "2008.11.01"]
[Round "1.8"]
[White "Grubert, Christian"]
[Black "Noer, Martin Stampe"]
[Result "1-0"]
[WhiteElo "2009"]
[BlackElo "1855"]
[PlyCount "139"]
[EventDate "2008.11.01"]
[EventType "team-tourn"]
[EventRounds "9"]
[EventCountry "DEN"]
[WhiteTeam "Jetsmark"]
[BlackTeam "Nordkalotten"]
[WhiteTeamCountry "DEN"]
[BlackTeamCountry "DEN"]

1. e4 c6 2. d4 d5 3. f3 e6 4. e5 c5 5. f4 cxd4 6. Nf3 Bb4+ 7. Nbd2 Nc6 8. Bd3
Nge7 9. O-O O-O 10. Nb3 f6 11. exf6 gxf6 12. Kh1 e5 13. fxe5 fxe5 14. Ng5 e4
15. Qh5 Bf5 16. Rxf5 Rxf5 17. Qxh7+ Kf8 18. Qh8+ Ng8 19. Ne6+ Ke7 20. Nxd8 Rxd8
21. Be2 Rdf8 22. Qg7+ Ke8 23. Bg5 Nge7 24. Bxe7 Bxe7 25. Nxd4 Rg5 26. Bh5+ Kd7
27. Bg4+ Ke8 28. Qxg5 Bxg5 29. Ne6 Rg8 30. Nc7+ Kd8 31. Nxd5 Ne5 32. Be2 Nc6
33. Rd1 Ke8 34. g3 Rf8 35. Bh5+ Kd8 36. Nf6+ Ke7 37. Nxe4 Bh6 38. Kg2 Nb4 39.
c3 Nc2 40. Kh3 Ne3 41. Re1 Kd8 42. Re2 Rf5 43. Bg4 Re5 44. Rd2+ Nd5 45. Rd3 Kc7
46. Nc5 b6 47. Na6+ Kb7 48. Bf3 Kxa6 49. Rxd5 Re1 50. Rd1 Re5 51. Kg2 Kb5 52.
Rd5+ Rxd5 53. Bxd5 Bc1 54. b3 Bb2 55. Bc4+ Kc5 56. a4 Bxc3 57. Kf3 Kd6 58. Kf4
Ke7 59. Kf5 Kf8 60. Kg6 Bd4 61. g4 a6 62. Bxa6 Kg8 63. h4 Bf2 64. h5 Bd4 65. g5
Kh8 66. h6 Be3 67. Kh5 Bf4 68. g6 Be5 69. g7+ Kh7 70. Bd3+ 1-0

[Event "XtraCon-Skakligaen"]
[Site "Denmark"]
[Date "2008.11.01"]
[Round "1.1"]
[White "Mortensen, Erling"]
[Black "Rasmussen, Karsten"]
[Result "0-1"]
[WhiteElo "2455"]
[BlackElo "2466"]
[PlyCount "82"]
[EventDate "2008.11.01"]
[EventType "team-tourn"]
[EventRounds "9"]
[EventCountry "DEN"]
[WhiteTeam "Helsingor"]
[BlackTeam "Aarhus/Skolerne"]
[WhiteTeamCountry "DEN"]
[BlackTeamCountry "DEN"]

1. e4 c6 2. d4 d5 3. e5 Bf5 4. Nd2 e6 5. Nb3 Nd7 6. Nf3 Bg6 7. Be2 Nh6 8. O-O
Nf5 9. Bd2 Be7 10. g4 Nh4 11. Nxh4 Bxh4 12. f4 f5 13. c4 Be7 14. cxd5 cxd5 15.
Rc1 O-O 16. Bd3 a5 17. a4 fxg4 18. Bxg6 hxg6 19. Qxg4 Qb6 20. Rc3 Bb4 21. Rd3
Bxd2 22. Nxd2 Rf5 23. Qxg6 Raf8 24. Kh1 Rxf4 25. Rg1 R8f7 26. Nb3 Rf1 27. Rxf1
Rxf1+ 28. Kg2 Rf7 29. Rc3 Nf8 30. Qd3 Qd8 31. Qg3 Qe8 32. Nxa5 Qxa4 33. Nb3 Qa2
34. Rc2 Qb1 35. Qd3 Rf5 36. Nd2 Rg5+ 37. Kh3 Qg1 38. Qf3 Ng6 39. Rc8+ Kh7 40.
Nf1 Nf4+ 41. Qxf4 Rh5+ 0-1

[Event "XtraCon-Skakligaen"]
[Site "Denmark"]
[Date "2008.11.01"]
[Round "1.2"]
[White "Sorensen, Jan"]
[Black "Nielsen, Nicholas Roland"]
[Result "1-0"]
[WhiteElo "2439"]
[BlackElo "2146"]
[PlyCount "53"]
[EventDate "2008.11.01"]
[EventType "team-tourn"]
[EventRounds "9"]
[EventCountry "DEN"]
[WhiteTeam "Aarhus/Skolerne"]
[BlackTeam "Helsingor"]
[WhiteTeamCountry "DEN"]
[BlackTeamCountry "DEN"]

1. e4 e5 2. Bc4 Nf6 3. d3 c6 4. Nf3 d5 5. Bb3 Bd6 6. exd5 Nxd5 7. O-O O-O 8.
Re1 Re8 9. Nbd2 Bc7 10. Nc4 Nd7 11. Ng5 N7f6 12. h3 b5 13. Ne3 h6 14. Ne4 Bb6
15. Qf3 Be6 16. Nf5 Bxf5 17. Qxf5 Qc7 18. Nxf6+ Nxf6 19. Bxh6 Nd5 20. Qg4 f5
21. Qg6 Bc5 22. Rad1 Bf8 23. c4 Ne7 24. cxb5+ Kh8 25. Bxg7+ Bxg7 26. Qh5+ Bh6
27. Qxh6# 1-0

[Event "XtraCon-Skakligaen"]
[Site "Denmark"]
[Date "2008.11.01"]
[Round "1.3"]
[White "Jorgensen, Michael"]
[Black "Skytte, Rasmus"]
[Result "0-1"]
[WhiteElo "2186"]
[BlackElo "2384"]
[PlyCount "70"]
[EventDate "2008.11.01"]
[EventType "team-tourn"]
[EventRounds "9"]
[EventCountry "DEN"]
[WhiteTeam "Helsingor"]
[BlackTeam "Aarhus/Skolerne"]
[WhiteTeamCountry "DEN"]
[BlackTeamCountry "DEN"]

1. d4 d5 2. c4 c6 3. Nf3 Nf6 4. Nc3 a6 5. a4 e6 6. e3 c5 7. Bd3 Nc6 8. O-O Be7
9. h3 dxc4 10. Bxc4 O-O 11. dxc5 Bxc5 12. e4 Qc7 13. Qe2 Nd7 14. Be3 b6 15.
Bxc5 bxc5 16. Rad1 Bb7 17. Ba2 Rad8 18. Qe3 Nb4 19. Bb1 Nb6 20. Qe2 Rfe8 21.
Nd2 e5 22. a5 Nc8 23. Nc4 Rd4 24. Ne3 Nd6 25. Ncd5 Nxd5 26. exd5 Qxa5 27. Qh5
g6 28. Qf3 Rf4 29. Qe2 f5 30. Rc1 Rd4 31. Rc3 Kg7 32. Rfc1 c4 33. b3 Bxd5 34.
bxc4 Bc6 35. Nc2 Qxc3 0-1

[Event "XtraCon-Skakligaen"]
[Site "Denmark"]
[Date "2008.11.01"]
[Round "1.4"]
[White "Rasmussen, Casper Dahl"]
[Black "Larsen, Ole Bogh"]
[Result "1-0"]
[WhiteElo "2382"]
[BlackElo "2274"]
[PlyCount "109"]
[EventDate "2008.11.01"]
[EventType "team-tourn"]
[EventRounds "9"]
[EventCountry "DEN"]
[WhiteTeam "Aarhus/Skolerne"]
[BlackTeam "Helsingor"]
[WhiteTeamCountry "DEN"]
[BlackTeamCountry "DEN"]

1. Nf3 Nf6 2. c4 c6 3. Nc3 d5 4. d4 g6 5. cxd5 cxd5 6. Bf4 Nc6 7. e3 Bg7 8. h3
O-O 9. Be2 Ne4 10. Rc1 Nxc3 11. Rxc3 f6 12. O-O e5 13. dxe5 fxe5 14. Bg5 Qd6
15. Bc4 Be6 16. e4 d4 17. Bxe6+ Qxe6 18. Qb3 Qxb3 19. Rxb3 Rf7 20. Rc1 h6 21.
Bh4 Rd7 22. Ne1 a5 23. Nd3 Nb4 24. Kf1 Nxd3 25. Rxd3 a4 26. Rc5 Ra6 27. Bg3 Rc6
28. Rb5 Rc2 29. Ke1 h5 30. Kd1 Rdc7 31. Rd2 Rc1+ 32. Ke2 R1c5 33. Rxc5 Rxc5 34.
Kd3 Kf7 35. Rc2 Rxc2 36. Kxc2 Ke6 37. Kd3 b5 38. f4 Kd6 39. fxe5+ Bxe5 40. Bf2
Kc5 41. Bh4 Kd6 42. Bg5 Kc6 43. Be7 Bg7 44. g4 hxg4 45. hxg4 Bh8 46. b3 axb3
47. axb3 Bg7 48. g5 Be5 49. Bf6 Kd6 50. Bxe5+ Kxe5 51. b4 Kf4 52. Kxd4 Kxg5 53.
e5 Kh6 54. Kd5 Kg7 55. Kd6 1-0

[Event "XtraCon-Skakligaen"]
[Site "Denmark"]
[Date "2008.11.01"]
[Round "1.5"]
[White "Fagerstrom, Bjorn"]
[Black "Boe, Mads"]
[Result "0-1"]
[WhiteElo "2132"]
[BlackElo "2338"]
[PlyCount "76"]
[EventDate "2008.11.01"]
[EventType "team-tourn"]
[EventRounds "9"]
[EventCountry "DEN"]
[WhiteTeam "Helsingor"]
[BlackTeam "Aarhus/Skolerne"]
[WhiteTeamCountry "DEN"]
[BlackTeamCountry "DEN"]

1. d4 f5 2. g3 Nf6 3. Bg2 e6 4. Nf3 Be7 5. O-O O-O 6. c4 d6 7. Nc3 Qe8 8. Qc2
Qh5 9. e4 fxe4 10. Nxe4 Nc6 11. Nxf6+ Bxf6 12. d5 Nb4 13. Qb3 Na6 14. Be3 exd5
15. cxd5 b6 16. Nd4 Nc5 17. Qc2 a5 18. Ne6 Nxe6 19. dxe6 Ra7 20. Qc4 Re8 21.
Bd5 Re7 22. Rfe1 a4 23. Rad1 Ra5 24. b4 Rxd5 25. Qxd5 Qxd5 26. Rxd5 Bxe6 27.
Rd2 Bc3 28. Bg5 Bxd2 29. Bxd2 Kf7 30. a3 c5 31. f4 Bf5 32. Rxe7+ Kxe7 33. Bc3
g6 34. Kf2 Ke6 35. Ke3 d5 36. bxc5 bxc5 37. Bg7 d4+ 38. Kf3 h5 0-1

[Event "XtraCon-Skakligaen"]
[Site "Denmark"]
[Date "2008.11.01"]
[Round "1.6"]
[White "Jacobsen, Bo"]
[Black "Dalsberg, Sandra de Blecourt"]
[Result "1/2-1/2"]
[WhiteElo "2315"]
[BlackElo "2056"]
[PlyCount "68"]
[EventDate "2008.11.01"]
[EventType "team-tourn"]
[EventRounds "9"]
[EventCountry "DEN"]
[WhiteTeam "Aarhus/Skolerne"]
[BlackTeam "Helsingor"]
[WhiteTeamCountry "DEN"]
[BlackTeamCountry "DEN"]

1. c4 Nf6 2. g3 c6 3. Nf3 d5 4. Bg2 Bg4 5. b3 Nbd7 6. Bb2 e6 7. O-O Bd6 8. d3
O-O 9. Nbd2 a5 10. a3 Qb8 11. Rc1 Rc8 12. Rc2 b5 13. Qa1 Qb7 14. Rfc1 Ne8 15.
e4 Nc5 16. exd5 cxd5 17. Ne1 Bf5 18. cxd5 exd5 19. Be5 Nxd3 20. Rxc8 Rxc8 21.
Rxc8 Qxc8 22. Nxd3 Bxd3 23. Bxd6 Nxd6 24. Qd4 Qc1+ 25. Nf1 Bxf1 26. Bxf1 Qxa3
27. Qxd5 Kf8 28. Bxb5 Qb4 29. Bf1 g6 30. Qe5 Ne4 31. Kg2 Nd2 32. Qh8+ Ke7 33.
Qe5+ Kf8 34. Qh8+ Ke7 1/2-1/2

[Event "XtraCon-Skakligaen"]
[Site "Denmark"]
[Date "2008.11.01"]
[Round "1.7"]
[White "Molin, Claus"]
[Black "Pedersen, Finn"]
[Result "0-1"]
[WhiteElo "2003"]
[BlackElo "2312"]
[PlyCount "116"]
[EventDate "2008.11.01"]
[EventType "team-tourn"]
[EventRounds "9"]
[EventCountry "DEN"]
[WhiteTeam "Helsingor"]
[BlackTeam "Aarhus/Skolerne"]
[WhiteTeamCountry "DEN"]
[BlackTeamCountry "DEN"]

1. d4 d5 2. Nf3 c6 3. c4 Nf6 4. Nc3 dxc4 5. e3 b5 6. a4 b4 7. Nb1 Ba6 8. Be2 e6
9. Ne5 Bd6 10. Nxc4 Bxc4 11. Bxc4 O-O 12. Nd2 Nbd7 13. e4 e5 14. f4 exf4 15. e5
Bxe5 16. dxe5 Nxe5 17. O-O Qd4+ 18. Kh1 Nxc4 19. Nxc4 Qxc4 20. Rxf4 Rad8 21.
Qg1 Qe2 22. Rf2 Qxf2 23. Qxf2 Rd1+ 24. Qg1 Rxg1+ 25. Kxg1 Re8 26. Bd2 c5 27.
Rc1 Ne4 28. Be3 Rc8 29. g4 g6 30. g5 h6 31. h4 hxg5 32. hxg5 c4 33. Bxa7 Nxg5
34. a5 Rc6 35. Kf2 c3 36. bxc3 Ne4+ 37. Ke3 Nxc3 38. Bd4 f5 39. Kd3 Rd6 40. Kc4
Ne2 41. Bc5 Rc6 42. Rc2 Nc3 43. Kxb4 Ne4 44. Kb5 Rc8 45. a6 Kf7 46. a7 Nxc5 47.
Rxc5 Ra8 48. Rc7+ Kf6 49. Kc5 Ke5 50. Kc4 Ke4 51. Kc3 Ke3 52. Re7+ Kf3 53. Kd2
f4 54. Ke1 g5 55. Rb7 g4 56. Rb3+ Kg2 57. Rb2+ Kg1 58. Ra2 f3 0-1